[Event "Olympiad-44"]
[Site "Chennai"]
[Date "2022.08.08"]
[Round "10.3"]
[White "Nyysti, Sampsa"]
[Black "Okas, Walter"]
[Result "1/2-1/2"]
[WhiteElo "2363"]
[BlackElo "2191"]
[PlyCount "99"]
[EventDate "2022.07.29"]
[EventType "team-swiss"]
[EventRounds "11"]
[EventCountry "IND"]
[SourceTitle "CBM 210"]
[Source "ChessBase"]
[SourceDate "2022.10.31"]
[SourceVersion "1"]
[SourceVersionDate "2022.10.31"]
[SourceQuality "1"]
[WhiteTeam "Finland"]
[BlackTeam "Uganda"]
[WhiteTeamCountry "FIN"]
[BlackTeamCountry "UGA"]

1. e4 c6 2. d4 d5 3. e5 Bf5 4. c4 e6 5. Nc3 Nd7 6. Nf3 Bb4 7. Qb3 Bxc3+ 8. bxc3 Qb6 9. Be2 Ne7 10. Qa3 h6 11. 0-0 Qc7 12. Be3 Nb6 13. cxd5 cxd5 14. Bb5+ Nc6 15. Nh4 Be4 16. f3 Bh7 17. f4 a6 18. Bxc6+ Qxc6 19. f5 Nc4 20. Qc1 exf5 21. Nxf5 Bxf5 22. Rxf5 Qe6 23. Rf3 0-0 24. Bf2 f6 25. exf6 Rxf6 26. Rxf6 Qxf6 27. Qe1 Rf8 28. Bg3 Qf5 29. Qe2 Rf7 30. Re1 Kh7 31. h3 Rf6 32. Kh2 Rb6 33. Rf1 Qg6 34. Rf8 Rb2 35. Qe7 Qc2 36. Bf2 Qe4 37. Qd8 Rxa2 38. Qb8 Rb2 39. Rh8+ Kg6 40. Qg3+ Kf7 41. Rc8 g5 42. Kh1 Qf4 43. Qd3 Qe4 44. Qg3 Rb1+ 45. Bg1 Qe3 46. Qc7+ Kg6 47. Rg8+ Kh5 48. Rxg5+ Qxg5 49. Qf7+ Kh4 50. Qf2+ 1/2-1/2

[Event "Olympiad-44"]
[Site "Chennai"]
[Date "2022.08.05"]
[Round "7.2"]
[White "Okas, Walter"]
[Black "Ali Abdullahi, Farah"]
[Result "1-0"]
[WhiteElo "2191"]
[BlackElo "1892"]
[PlyCount "105"]
[EventDate "2022.07.29"]
[EventType "team-swiss"]
[EventRounds "11"]
[EventCountry "IND"]
[SourceTitle "CBM 210"]
[Source "ChessBase"]
[SourceDate "2022.10.31"]
[SourceVersion "1"]
[SourceVersionDate "2022.10.31"]
[SourceQuality "1"]
[WhiteTeam "Uganda"]
[BlackTeam "Somalia"]
[WhiteTeamCountry "UGA"]
[BlackTeamCountry "SOM"]

1. d4 d5 2. Nf3 Nf6 3. g3 e6 4. Bg2 c5 5. 0-0 b6 6. c4 Bb7 7. Ne5 cxd4 8. cxd5 Bxd5 9. Qxd4 Bc5 10. Qa4+ Nbd7 11. e4 Bb7 12. Rd1 h6 13. Nc3 a6 14. b4 Be7 15. Be3 b5 16. Qb3 0-0 17. Rd3 Qe8 18. Nxd7 Nxd7 19. f4 Bd8 20. a4 Bb6 21. axb5 axb5 22. Rxa8 Qxa8 23. Bxb6 Nxb6 24. h4 Bc6 25. Kh2 Nc4 26. Qc2 Rc8 27. Qf2 Be8 28. Qe2 Bc6 29. g4 Qb8 30. e5 Bxg2 31. Kxg2 Qb7+ 32. Qf3 Qb6 33. g5 hxg5 34. hxg5 Nb2 35. Rd6 Qc7 36. Ne4 Qc1 37. Rd7 Rc2+ 38. Kh3 Rc8 39. Ng3 Nc4 40. g6 Nxe5 41. fxe5 Qh6+ 42. Qh5 fxg6 43. Qxh6 gxh6 44. Rb7 Rc3 45. Rxb5 h5 46. Rb6 Kg7 47. Rxe6 g5 48. Kg2 Rc2+ 49. Kf1 h4 50. Nf5+ Kf7 51. Rf6+ Ke8 52. e6 Rc4 53. Ng7+ 1-0

[Event "UGA olympic qual"]
[Site "Kampala"]
[Date "2022.03.05"]
[Round "1"]
[White "Okas, Walter"]
[Black "Kawooya, Joseph"]
[Result "1-0"]
[WhiteElo "2209"]
[BlackElo "1869"]
[PlyCount "121"]
[EventDate "2022.03.05"]
[EventType "tourn"]
[EventRounds "13"]
[EventCountry "UGA"]
[SourceTitle "EXT 2023"]
[Source "ChessBase"]
[SourceDate "2022.10.05"]
[SourceVersion "1"]
[SourceVersionDate "2022.10.05"]
[SourceQuality "1"]

1. Nf3 c5 2. g3 Nf6 3. Bg2 g6 4. 0-0 Bg7 5. d4 cxd4 6. Nxd4 0-0 7. c4 Nc6 8. Nc3 a6 9. c5 Nh5 10. Be3 Nf6 11. h3 Re8 12. Qa4 Rb8 13. Rfd1 Nxd4 14. Qxd4 d6 15. cxd6 Ng4 16. Qa7 Nxe3 17. Qxe3 exd6 18. Rxd6 Qxd6 19. Qxe8+ Qf8 20. Qe3 Be6 21. Qa7 Qc8 22. a4 Bf8 23. Qd4 Bg7 24. Qd6 b5 25. axb5 axb5 26. Nxb5 Bxb2 27. Ra7 Qd8 28. e3 Qxd6 29. Nxd6 Be5 30. Nb7 Rc8 31. Kh2 h5 32. f4 Rc2 33. Ra5 Bc7 34. Rc5 Rxc5 35. Nxc5 Bc8 36. Bb7 Bb6 37. Na4 Bxb7 38. Nxb6 Bc6 39. g4 hxg4 40. hxg4 f5 41. Kg3 Kg7 42. g5 Kh7 43. Kf2 Kg7 44. Ke2 Bb5+ 45. Kd2 Kf7 46. Kc3 Ke6 47. Kb4 Bd3 48. Kc5 Be2 49. Nc4 Kf7 50. Ne5+ Kg7 51. Kd6 Bf1 52. Ke7 Bg2 53. Nf7 Bd5 54. Nd8 Bf3 55. Ne6+ Kg8 56. Kf6 Bh5 57. Ng7 Kh7 58. Nxh5 gxh5 59. Kxf5 Kg7 60. e4 Kf7 61. e5 1-0

[Event "Kampala World Cup Qual"]
[Site "Kampala"]
[Date "2021.05.17"]
[Round "10"]
[White "Okas, Walter"]
[Black "Wanyama, Harold"]
[Result "0-1"]
[WhiteElo "2220"]
[BlackElo "2312"]
[PlyCount "76"]
[EventDate "2021.05.08"]
[EventType "tourn"]
[EventRounds "10"]
[EventCountry "UGA"]
[EventCategory "2"]
[SourceTitle "CBM 202 Extra"]
[Source "ChessBase"]
[SourceDate "2021.07.31"]
[SourceVersion "1"]
[SourceVersionDate "2021.07.31"]
[SourceQuality "1"]

1. Nf3 c5 2. g3 Nc6 3. Bg2 e5 4. d3 d5 5. 0-0 Nf6 6. Bg5 Be7 7. Nbd2 0-0 8. a3 h6 9. Bxf6 Bxf6 10. e4 Be6 11. exd5 Bxd5 12. Ne4 Be7 13. Re1 Qc7 14. Nc3 Be6 15. Qe2 f6 16. Nh4 Nd4 17. Qd2 Rfd8 18. Rad1 c4 19. Qc1 Rac8 20. dxc4 Bxc4 21. Be4 Be6 22. Ng6 Bc5 23. Ne2 f5 24. Bg2 Nxc2 25. Rf1 e4 26. Nef4 Bb3 27. Kh1 Bd4 28. Bh3 e3 29. fxe3 Bxe3 30. Qb1 Nd4 31. Rxd4 Rxd4 32. Qxf5 Re8 33. Bg2 Bxf4 34. Nxf4 Qd7 35. Qg6 Bf7 36. Qb1 Rd2 37. Qc1 g5 38. Bh3 Qc6+ 0-1

[Event "Kampala World Cup Qual"]
[Site "Kampala"]
[Date "2021.05.08"]
[Round "2"]
[White "Okas, Walter"]
[Black "Kawuma, Patrick"]
[Result "1/2-1/2"]
[WhiteElo "2220"]
[BlackElo "2323"]
[PlyCount "62"]
[EventDate "2021.05.08"]
[EventType "tourn"]
[EventRounds "10"]
[EventCountry "UGA"]
[EventCategory "2"]
[SourceTitle "CBM 202 Extra"]
[Source "ChessBase"]
[SourceDate "2021.07.31"]
[SourceVersion "1"]
[SourceVersionDate "2021.07.31"]
[SourceQuality "1"]

1. e4 c5 2. Nf3 Nc6 3. Nc3 Nf6 4. d4 cxd4 5. Nxd4 d6 6. Bg5 e6 7. Bc4 Be7 8. 0-0 0-0 9. Re1 Bd7 10. Bb3 a6 11. Qd2 b5 12. a3 Na5 13. Rad1 Qc7 14. Nf3 Rad8 15. e5 dxe5 16. Nxe5 Nxb3 17. cxb3 Bc8 18. Qc1 Rxd1 19. Qxd1 Bb7 20. b4 h6 21. Bh4 Rd8 22. Qe2 Rd4 23. Bg3 Qd8 24. Qe3 Ne4 25. h3 Nxg3 26. Qxg3 Bh4 27. Qe3 Bg5 28. Qe2 Bd2 29. Rf1 Qg5 30. Nf3 Qg6 31. Rd1 Rd3 1/2-1/2

[Event "Kampala World Cup Qual"]
[Site "Kampala"]
[Date "2021.05.08"]
[Round "1"]
[White "Okas, Walter"]
[Black "Nsubuga, Haruna"]
[Result "1/2-1/2"]
[WhiteElo "2220"]
[BlackElo "2135"]
[PlyCount "125"]
[EventDate "2021.05.08"]
[EventType "tourn"]
[EventRounds "10"]
[EventCountry "UGA"]
[EventCategory "2"]
[SourceTitle "CBM 202 Extra"]
[Source "ChessBase"]
[SourceDate "2021.07.31"]
[SourceVersion "1"]
[SourceVersionDate "2021.07.31"]
[SourceQuality "1"]

1. Nf3 Nf6 2. c4 c5 3. Nc3 Nc6 4. g3 g6 5. Bg2 Bg7 6. 0-0 0-0 7. d3 d5 8. cxd5 Nxd5 9. Bd2 e6 10. Qc1 b6 11. Bh6 Bb7 12. Bxg7 Kxg7 13. Rd1 Nd4 14. Nxd4 cxd4 15. Nxd5 Bxd5 16. Bxd5 Qxd5 17. Rd2 Rac8 18. Rc2 Rxc2 19. Qxc2 h5 20. Qc4 Qxc4 21. dxc4 Kf6 22. Kf1 e5 23. Ke1 e4 24. Kd2 Ke5 25. Rc1 g5 26. c5 b5 27. b4 Rc8 28. c6 Kd6 29. Rc5 Rxc6 30. Rxg5 Ra6 31. Rxb5 Rxa2+ 32. Ke1 Ra1+ 33. Kd2 Rf1 34. Rxh5 Rxf2 35. Ke1 e3 36. Kd1 f5 37. Rh7 Kd5 38. Ke1 a6 39. Rh6 Kc4 40. Rxa6 Rxh2 41. Rc6+ Kb5 42. Rc5+ Kxb4 43. Rxf5 Rg2 44. Kd1 Kc4 45. Rf8 Rxg3 46. Rc8+ Kd5 47. Rd8+ Ke4 48. Re8+ Kf4 49. Rd8 Rg1+ 50. Kc2 Kg3 51. Rf8 Kg2 52. Rf4 Rf1 53. Rh4 Ra1 54. Kd3 Rd1+ 55. Ke4 Rd2 56. Rf4 Rd1 57. Rf8 Rf1 58. Rh8 Kf2 59. Rh2+ Ke1 60. Kd3 Rg1 61. Rh4 Rg2 62. Rxd4 Rxe2 63. Rh4 1/2-1/2

[Event "Battle d'Elite"]
[Site "Kampala"]
[Date "2021.02.14"]
[Round "7.2"]
[White "Gonza, Simon"]
[Black "Okas, Walter"]
[Result "1-0"]
[WhiteElo "2044"]
[BlackElo "2270"]
[PlyCount "59"]
[EventDate "2021.02.13"]
[EventType "tourn"]
[EventRounds "10"]
[EventCountry "UGA"]
[SourceTitle "EXT 2022"]
[Source "ChessBase"]
[SourceDate "2021.10.06"]
[SourceVersion "1"]
[SourceVersionDate "2021.10.06"]
[SourceQuality "1"]

1. e4 e5 2. Nf3 Nf6 3. Nxe5 d6 4. Nf3 Nxe4 5. Nc3 Nf6 6. d4 d5 7. Bg5 Be7 8. h3 0-0 9. Bd3 Be6 10. 0-0 Nbd7 11. Ne2 Re8 12. Nf4 Bd6 13. Nxe6 fxe6 14. c4 c6 15. Re1 Qc7 16. Qd2 dxc4 17. Bxc4 Nd5 18. a3 N7b6 19. Ba2 Qf7 20. Ne5 Qh5 21. Re4 h6 22. Bh4 Bxe5 23. dxe5 Rf8 24. Rae1 Nd7 25. Bg3 Rfd8 26. Rh4 Qg5 27. Qe2 Nf8 28. Rg4 Qe7 29. Qd2 Kh8 30. Bb1 1-0

[Event "Battle d'Elite"]
[Site "Kampala"]
[Date "2021.02.14"]
[Round "10.3"]
[White "Kawuma, Patrick"]
[Black "Okas, Walter"]
[Result "0-1"]
[WhiteElo "2279"]
[BlackElo "2270"]
[PlyCount "48"]
[EventDate "2021.02.13"]
[EventType "tourn"]
[EventRounds "10"]
[EventCountry "UGA"]
[SourceTitle "EXT 2022"]
[Source "ChessBase"]
[SourceDate "2021.10.06"]
[SourceVersion "1"]
[SourceVersionDate "2021.10.06"]
[SourceQuality "1"]

1. Nf3 Nf6 2. d4 g6 3. g3 Bg7 4. Bg2 0-0 5. c4 c5 6. 0-0 cxd4 7. Nxd4 Nc6 8. Nb3 d6 9. Nc3 Be6 10. Nd5 Rc8 11. Bg5 Ne5 12. Nd4 Bxd5 13. cxd5 Rc4 14. b3 Rc5 15. e4 Qa5 16. b4 Qxb4 17. Rb1 Qa3 18. Rxb7 Rc4 19. Rxe7 Nxd5 20. Nb5 Qb4 21. Qxd5 Rc5 22. Qxd6 Rxb5 23. Qxb4 Rxb4 24. Bf4 Nc4 0-1

[Event "Battle d'Elite"]
[Site "Kampala"]
[Date "2021.02.14"]
[Round "8.3"]
[White "Okas, Walter"]
[Black "Nsubuga, Haruna"]
[Result "1-0"]
[WhiteElo "2270"]
[BlackElo "2173"]
[PlyCount "24"]
[EventDate "2021.02.13"]
[EventType "tourn"]
[EventRounds "10"]
[EventCountry "UGA"]
[SourceTitle "EXT 2022"]
[Source "ChessBase"]
[SourceDate "2021.10.06"]
[SourceVersion "1"]
[SourceVersionDate "2021.10.06"]
[SourceQuality "1"]

1. Nf3 Nf6 2. c4 g6 3. g3 Bg7 4. Bg2 c5 5. 0-0 Nc6 6. Nc3 0-0 7. d4 d6 8. d5 Na5 9. Nd2 e6 10. e4 exd5 11. cxd5 Re8 12. h3 b6 1-0

[Event "Battle d'Elite"]
[Site "Kampala"]
[Date "2021.02.13"]
[Round "2.2"]
[White "Okas, Walter"]
[Black "Gonza, Simon"]
[Result "1-0"]
[WhiteElo "2270"]
[BlackElo "2044"]
[PlyCount "48"]
[EventDate "2021.02.13"]
[EventType "tourn"]
[EventRounds "10"]
[EventCountry "UGA"]
[SourceTitle "EXT 2022"]
[Source "ChessBase"]
[SourceDate "2021.10.06"]
[SourceVersion "1"]
[SourceVersionDate "2021.10.06"]
[SourceQuality "1"]

1. Nf3 Nf6 2. g3 b6 3. Bg2 Bb7 4. 0-0 e6 5. d4 Be7 6. c4 0-0 7. d5 exd5 8. Nd4 d6 9. Nc3 Nbd7 10. cxd5 Re8 11. Re1 a5 12. e4 Nc5 13. h3 Bf8 14. Bg5 h6 15. Bf4 Nfd7 16. Nf5 Ne5 17. Bxe5 dxe5 18. Kh2 g6 19. Ne3 Ba6 20. Qc2 Bd6 21. Rad1 Kg7 22. Bf1 Bc8 23. Nb5 Rf8 24. Nxd6 cxd6 1-0

[Event "Battle d'Elite"]
[Site "Kampala"]
[Date "2021.02.13"]
[Round "5.3"]
[White "Okas, Walter"]
[Black "Kawuma, Patrick"]
[Result "1-0"]
[WhiteElo "2270"]
[BlackElo "2279"]
[PlyCount "89"]
[EventDate "2021.02.13"]
[EventType "tourn"]
[EventRounds "10"]
[EventCountry "UGA"]
[SourceTitle "EXT 2022"]
[Source "ChessBase"]
[SourceDate "2021.10.06"]
[SourceVersion "1"]
[SourceVersionDate "2021.10.06"]
[SourceQuality "1"]

1. c4 Nf6 2. g3 d6 3. Bg2 g6 4. Nf3 Bg7 5. 0-0 0-0 6. Nc3 Nc6 7. Rb1 a5 8. a3 Bf5 9. d3 Qc8 10. Re1 Re8 11. b4 axb4 12. axb4 e5 13. b5 Nd4 14. Nxd4 exd4 15. Nd5 Bg4 16. Qc2 Nd7 17. b6 cxb6 18. Nxb6 Nxb6 19. Rxb6 Re7 20. Bf4 Be5 21. Bxe5 dxe5 22. Reb1 Ra7 23. Bd5 Be6 24. Be4 f5 25. Rxe6 Rxe6 26. Bd5 Kg7 27. Bxe6 Qxe6 28. Qb3 e4 29. Qb2 Qf6 30. dxe4 fxe4 31. Rd1 d3 32. Qxf6+ Kxf6 33. exd3 exd3 34. Rxd3 Ra1+ 35. Kg2 Rc1 36. Rf3+ Kg7 37. Rf4 b5 38. cxb5 Rb1 39. h4 Rxb5 40. Rc4 Ra5 41. Kf3 Ra2 42. Rc7+ Kh6 43. g4 Ra3+ 44. Kf4 Ra4+ 45. Kg3 1-0

[Event "Kampala Zabasajja Memorial op"]
[Site "Kampala"]
[Date "2019.03.08"]
[Round "4.5"]
[White "Okas, Walter"]
[Black "Were, Samuel"]
[Result "1-0"]
[WhiteElo "2207"]
[BlackElo "1793"]
[PlyCount "37"]
[EventDate "2019.03.07"]
[EventType "swiss"]
[EventRounds "8"]
[EventCountry "UGA"]
[SourceTitle "EXT 2024"]
[Source "ChessBase"]
[SourceDate "2023.10.10"]
[SourceVersion "1"]
[SourceVersionDate "2023.10.10"]
[SourceQuality "1"]

1. Nf3 d5 2. b3 e6 3. c4 Nf6 4. Bb2 Be7 5. g3 b6 6. Bg2 Bb7 7. 0-0 0-0 8. d3 Nbd7 9. e3 c5 10. Qe2 Qc7 11. Nbd2 Rfe8 12. Rac1 Rac8 13. Rfe1 Nf8 14. e4 d4 15. Rc2 Ng6 16. Bc1 e5 17. Ng5 h6 18. Nh3 Bd6 19. Rf1 1-0

[Event "Kampala Kireka op 3rd"]
[Site "Kampala"]
[Date "2018.12.30"]
[Round "7"]
[White "Lubega, Solomon Lwanga"]
[Black "Okas, Walter"]
[Result "1/2-1/2"]
[WhiteElo "2110"]
[BlackElo "2231"]
[PlyCount "37"]
[EventDate "2018.12.27"]
[EventType "swiss"]
[EventRounds "8"]
[EventCountry "UGA"]
[SourceTitle "CBM 188 Extra"]
[Source "ChessBase"]
[SourceDate "2019.02.26"]
[SourceVersion "1"]
[SourceVersionDate "2019.02.26"]
[SourceQuality "1"]

1. d4 Nf6 2. c4 g6 3. Nc3 c5 4. dxc5 Bg7 5. Nf3 Na6 6. g3 Nxc5 7. Bg2 b6 8. 0-0 Ba6 9. Nd2 Rc8 10. Rb1 Bb7 11. e4 0-0 12. Qe2 d6 13. b3 e6 14. Bb2 Qc7 15. Rfe1 Rfd8 16. Rbc1 Qb8 17. Bh3 a6 18. Bg2 Qa8 19. h3 1/2-1/2

[Event "Kampala Kireka op 3rd"]
[Site "Kampala"]
[Date "2018.12.29"]
[Round "6"]
[White "Nsubuga, Haruna"]
[Black "Okas, Walter"]
[Result "1/2-1/2"]
[WhiteElo "2222"]
[BlackElo "2231"]
[PlyCount "60"]
[EventDate "2018.12.27"]
[EventType "swiss"]
[EventRounds "8"]
[EventCountry "UGA"]
[SourceTitle "CBM 188 Extra"]
[Source "ChessBase"]
[SourceDate "2019.02.26"]
[SourceVersion "1"]
[SourceVersionDate "2019.02.26"]
[SourceQuality "1"]

1. e4 g6 2. d4 Bg7 3. Nf3 d6 4. h3 Nf6 5. Nbd2 0-0 6. b3 c5 7. Bb2 Nh5 8. Nc4 b5 9. Ne3 Bb7 10. Bd3 Nc6 11. c3 b4 12. cxb4 Nxb4 13. Bb1 Ba6 14. a3 Nc6 15. Qd2 cxd4 16. Nxd4 Ne5 17. b4 Qd7 18. a4 Nc4 19. Nxc4 Bxc4 20. Bd3 Bxd3 21. Qxd3 d5 22. 0-0 Qb7 23. exd5 Qxd5 24. Qb5 Qd6 25. Rad1 Rfb8 26. Qe2 Qxb4 27. Ba1 Qxa4 28. Nf5 gxf5 29. Qxh5 Bxa1 30. Rxa1 Qf4 1/2-1/2

[Event "Olympiad-43"]
[Site "Batumi"]
[Date "2018.10.05"]
[Round "11.2"]
[White "Okas, Walter"]
[Black "Amini, Habibullah"]
[Result "1-0"]
[WhiteElo "2258"]
[BlackElo "1988"]
[PlyCount "141"]
[EventDate "2018.09.24"]
[EventType "team-swiss"]
[EventRounds "11"]
[EventCountry "GEO"]
[SourceTitle "CBM 187"]
[Source "ChessBase"]
[SourceDate "2018.12.11"]
[SourceVersion "1"]
[SourceVersionDate "2018.12.11"]
[SourceQuality "1"]
[WhiteTeam "Uganda"]
[BlackTeam "Afghanistan"]
[WhiteTeamCountry "UGA"]
[BlackTeamCountry "AFG"]

1. c4 Nf6 2. Nf3 e6 3. g3 b6 4. Bg2 Bb7 5. Nc3 Be7 6. 0-0 0-0 7. d4 d6 8. Qc2 Nbd7 9. e4 e5 10. b3 c6 11. Bb2 Qc7 12. Rad1 Rad8 13. Rd2 Rfe8 14. Rfd1 Nf8 15. d5 c5 16. Rf1 Ng6 17. Ne1 Bc8 18. Qd1 Bd7 19. h3 a6 20. a4 Rb8 21. f4 Bd8 22. Qe2 Kh8 23. Nd3 Bc8 24. Kh2 Ng8 25. fxe5 dxe5 26. d6 Qd7 27. a5 f6 28. Na4 Qc6 29. Qe3 Re6 30. Rfd1 Nf8 31. axb6 Nd7 32. Ba3 Rxb6 33. Nxb6 Bxb6 34. h4 h5 35. Bh3 Rxd6 36. Nf2 Rd4 37. Bb2 Ba5 38. Rd3 g6 39. g4 hxg4 40. Bxg4 Kg7 41. Rg1 Nf8 42. Qg3 Bxg4 43. Bxd4 exd4 44. Qxg4 Bc7+ 45. Kh1 Nh6 46. Qh5 Be5 47. Qf3 Qb7 48. Ng4 Nxg4 49. Qxg4 Kh6 50. Rf3 a5 51. h5 g5 52. Qf5 Qg7 53. Rg2 Nd7 54. Rg4 Nf8 55. Kg2 Nd7 56. Qe6 Nf8 57. Qe8 Kh7 58. h6 Qd7 59. Qxd7+ Nxd7 60. Rxg5 fxg5 61. Rf7+ Kxh6 62. Rxd7 d3 63. Rxd3 Bd4 64. Rf3 Kg6 65. Kg3 Kh5 66. Rf5 Be3 67. e5 Kg6 68. e6 Bf4+ 69. Rxf4 gxf4+ 70. Kxf4 Kf6 71. e7 1-0

[Event "Olympiad-43"]
[Site "Batumi"]
[Date "2018.10.01"]
[Round "7.53"]
[White "Okas, Walter"]
[Black "Calicoca, Wilton Inacio"]
[Result "0-1"]
[WhiteElo "2258"]
[BlackElo "2135"]
[PlyCount "40"]
[EventDate "2018.09.24"]
[EventType "team-swiss"]
[EventRounds "11"]
[EventCountry "GEO"]
[SourceTitle "CBM 187"]
[Source "ChessBase"]
[SourceDate "2018.12.11"]
[SourceVersion "1"]
[SourceVersionDate "2018.12.11"]
[SourceQuality "1"]
[WhiteTeam "Uganda"]
[BlackTeam "Mozambique"]
[WhiteTeamCountry "UGA"]
[BlackTeamCountry "MOZ"]

1. Nf3 d5 2. d4 Nf6 3. g3 Bf5 4. c4 c6 5. cxd5 cxd5 6. Nc3 e6 7. Bg2 Bb4 8. Qb3 Nc6 9. 0-0 0-0 10. Bg5 Bxc3 11. Bxf6 Qxf6 12. Qxc3 Be4 13. Rfd1 Rfc8 14. Rac1 Rc7 15. Ne5 Bxg2 16. Kxg2 Rac8 17. Nf3 g6 18. Qa3 Qf5 19. Qd6 Qe4 20. Kf1 Nxd4 0-1

[Event "UGA-chT"]
[Site "Kampala"]
[Date "2018.07.05"]
[Round "7.3"]
[White "Kafuko, Paul"]
[Black "Okas, Walter"]
[Result "0-1"]
[WhiteElo "1983"]
[BlackElo "2258"]
[PlyCount "130"]
[EventDate "2018.05.24"]
[EventType "team-swiss"]
[EventRounds "14"]
[EventCountry "UGA"]
[SourceTitle "CBM 187 Extra"]
[Source "ChessBase"]
[SourceDate "2018.11.04"]
[SourceVersion "1"]
[SourceVersionDate "2018.11.04"]
[SourceQuality "1"]
[WhiteTeam "Kireka Panthers"]
[BlackTeam "Kireka CC"]
[WhiteTeamCountry "UGA"]
[BlackTeamCountry "UGA"]

1. e4 d6 2. d4 Nf6 3. Nc3 c6 4. a4 g6 5. Nf3 Bg7 6. h3 0-0 7. Be3 Qa5 8. Nd2 Nbd7 9. Be2 Qc7 10. 0-0 a6 11. a5 c5 12. Nc4 Rd8 13. Qd2 Rb8 14. d5 Re8 15. Rfd1 b5 16. axb6 Nxb6 17. Ra2 Nxc4 18. Bxc4 Nd7 19. b3 Rb6 20. Bh6 Bh8 21. Rda1 Qb8 22. f3 Ne5 23. Bxa6 Bxh3 24. Bb5 Bd7 25. Ra8 Qxa8 26. Rxa8 Rxa8 27. Bxd7 Nxd7 28. Na4 Rb7 29. Nc3 Be5 30. Bf4 Bd4+ 31. Be3 Bh8 32. Ne2 Ra2 33. Nc1 Ra1 34. Kf2 Bg7 35. f4 Nf6 36. Kf3 Rb4 37. e5 Nd7 38. exd6 exd6 39. c3 Rb7 40. b4 cxb4 41. cxb4 Rb1 42. Nd3 Rb3 43. Ke2 Rc7 44. Bf2 Nf6 45. Bd4 Nxd5 46. Qa2 Nc3+ 47. Bxc3 Rcxc3 48. Qa8+ Bf8 49. Ne1 Rb2+ 50. Kd1 Rxb4 51. Kd2 Rg3 52. f5 Rf4 53. fxg6 hxg6 54. Ke2 Rb4 55. Kf2 Rc3 56. Nf3 Rb2+ 57. Kg3 Rcc2 58. Nh4 Kg7 59. Qa7 Rd2 60. Qe3 Rf2 61. Kh3 Rbe2 62. Qc3+ Kh7 63. Nf3 Rxg2 64. Qf6 Kg8 65. Nd4 Rh2+ 0-1

[Event "UGA olympic qual"]
[Site "Kampala"]
[Date "2018.04.22"]
[Round "3"]
[White "Bibasa, Bob Gilbert"]
[Black "Okas, Walter"]
[Result "1/2-1/2"]
[WhiteElo "2129"]
[BlackElo "2253"]
[PlyCount "128"]
[EventDate "2018.04.21"]
[EventType "tourn"]
[EventRounds "13"]
[EventCountry "UGA"]
[SourceTitle "EXT 2019"]
[Source "ChessBase"]
[SourceDate "2018.10.10"]
[SourceVersion "1"]
[SourceVersionDate "2018.10.10"]
[SourceQuality "1"]

1. e4 d6 2. d4 Nf6 3. Nc3 g6 4. Bc4 Bg7 5. Qe2 Nc6 6. e5 dxe5 7. dxe5 Ng4 8. e6 Nd4 9. exf7+ Kf8 10. Qd1 Bf5 11. Bd3 Qd6 12. Bxf5 gxf5 13. h3 Ne5 14. Nge2 c5 15. f4 Nc4 16. 0-0 Rd8 17. Kh1 Kxf7 18. Nxd4 cxd4 19. Qd3 Qc5 20. Nd1 Bf6 21. Nf2 Rhg8 22. Qf3 Qc6 23. Qxc6 bxc6 24. Nd3 Nd6 25. b4 Ne4 26. Rg1 h5 27. Bb2 Rg3 28. Kh2 Rd5 29. Rge1 Rg8 30. Rad1 Rgd8 31. Re2 c5 32. bxc5 Nxc5 33. Ba3 Ne4 34. Bb4 Rb8 35. Be1 Rbb5 36. Ne5+ Bxe5 37. fxe5 Rd8 38. g4 hxg4 39. hxg4 Rh8+ 40. Kg1 Rg8 41. Rg2 Rxg4 42. Rxg4 fxg4 43. Rxd4 Rxe5 44. Bh4 Ke6 45. Ra4 a5 46. Ra3 Rb5 47. c4 Rc5 48. Be1 Rxc4 49. Bxa5 Kf5 50. Bb6 Rc1+ 51. Kg2 Rc2+ 52. Kg1 g3 53. Rf3+ Kg4 54. Rf8 Nd2 55. Rg8+ Kf3 56. Rf8+ Ke4 57. Rg8 Nf3+ 58. Kf1 Kf4 59. a4 Nd4 60. Ke1 g2 61. Kd1 Ra2 62. a5 Nf3 63. Kc1 Ng5 64. Ra8 Ne4 1/2-1/2

[Event "UGA olympic qual"]
[Site "Kampala"]
[Date "2018.04.21"]
[Round "2"]
[White "Okas, Walter"]
[Black "Nsubuga, Haruna"]
[Result "1-0"]
[WhiteElo "2253"]
[BlackElo "2175"]
[PlyCount "87"]
[EventDate "2018.04.21"]
[EventType "tourn"]
[EventRounds "13"]
[EventCountry "UGA"]
[SourceTitle "EXT 2019"]
[Source "ChessBase"]
[SourceDate "2018.10.10"]
[SourceVersion "1"]
[SourceVersionDate "2018.10.10"]
[SourceQuality "1"]

1. Nf3 d5 2. g3 e6 3. Bg2 f5 4. 0-0 Nf6 5. d3 Bd6 6. c4 c6 7. Nc3 0-0 8. e4 fxe4 9. dxe4 Bb4 10. exd5 exd5 11. cxd5 cxd5 12. Bg5 Bxc3 13. bxc3 Qa5 14. Bxf6 Rxf6 15. Ng5 Rf5 16. Bh3 Nc6 17. Qh5 h6 18. Bxf5 Bxf5 19. Qf7+ Kh8 20. Qxf5 hxg5 21. Rad1 Rd8 22. Qxg5 Qxa2 23. Rd4 Qa5 24. Rh4+ Kg8 25. Qg6 Ne5 26. Qh7+ Kf8 27. Qf5+ Nf7 28. Rh8+ Ke7 29. Re1+ Kd6 30. Qe6+ Kc5 31. Qe7+ Kc4 32. Rh4+ d4 33. Qxf7+ Kxc3 34. Rc1+ Kb2 35. Rc7 b6 36. Qxg7 Qd5 37. Qh6 a5 38. Qxb6+ Qb3 39. Qxa5 Qd1+ 40. Kg2 Rb8 41. Rd7 Rb3 42. Qh5 Qxh5 43. Rxh5 d3 44. Rhd5 1-0

[Event "Kampala Kawuma op"]
[Site "Kampala"]
[Date "2018.03.11"]
[Round "8"]
[White "Okas, Walter"]
[Black "Kawuma, Patrick"]
[Result "1/2-1/2"]
[WhiteElo "2244"]
[BlackElo "2339"]
[PlyCount "41"]
[EventDate "2018.03.08"]
[EventType "swiss"]
[EventRounds "8"]
[EventCountry "UGA"]
[SourceTitle "EXT 2019"]
[Source "ChessBase"]
[SourceDate "2018.10.10"]
[SourceVersion "1"]
[SourceVersionDate "2018.10.10"]
[SourceQuality "1"]

1. g3 e5 2. d3 Nf6 3. Nf3 Nc6 4. c4 d5 5. cxd5 Nxd5 6. Bg2 Be7 7. Nc3 Nb6 8. 0-0 Be6 9. Be3 g5 10. Na4 g4 11. Nd2 Bd5 12. Nxb6 axb6 13. Bxd5 Qxd5 14. Qb3 Qxb3 15. Nxb3 0-0-0 16. Rac1 Nd4 17. Nxd4 exd4 18. Bf4 Bd6 19. Bxd6 Rxd6 20. Rc2 Kd7 21. a3 1/2-1/2

[Event "Kampala Kawuma op"]
[Site "Kampala"]
[Date "2018.03.08"]
[Round "2"]
[White "Mukose, Emmanuel"]
[Black "Okas, Walter"]
[Result "0-1"]
[WhiteElo "1823"]
[BlackElo "2244"]
[PlyCount "62"]
[EventDate "2018.03.08"]
[EventType "swiss"]
[EventRounds "8"]
[EventCountry "UGA"]
[SourceTitle "EXT 2019"]
[Source "ChessBase"]
[SourceDate "2018.10.10"]
[SourceVersion "1"]
[SourceVersionDate "2018.10.10"]
[SourceQuality "1"]

1. d4 Nf6 2. c4 g6 3. f3 c5 4. d5 Bg7 5. e4 d6 6. Nc3 0-0 7. Be3 Na6 8. Qd2 Re8 9. a3 Nc7 10. Bh6 Bh8 11. h4 e6 12. Bg5 exd5 13. Nxd5 Ncxd5 14. cxd5 Bd7 15. a4 Qb6 16. Bc4 Nh5 17. Ne2 f5 18. a5 Qc7 19. Nf4 Nxf4 20. Qxf4 Bxb2 21. Ra2 Be5 22. Qe3 Bd4 23. Qd3 fxe4 24. fxe4 Bf5 25. Re2 Qxa5+ 26. Kd1 Qa4+ 27. Bb3 Qa1+ 28. Bc1 Bg4 29. Kd2 b5 30. Bc2 h5 31. Ree1 Qa5+ 0-1